000 00668nam a2200241Ia 4500
003 OSt
005 20220924122802.0
006 a|||||r|||| 00| 0
007 ta
008 220923b |||||||| |||| 00| 0 per d
024 _a326888
037 _cTextual
040 _aARTS
_cARTS
_bper
041 _2per
_aper
082 _aO164,1EUA,1, F2
100 _aUnsari Hakim Abul Qasim Au.
_9190729
245 0 _aDiwan-e-Unsari
260 _aLucknow
_bMunshi Nawal Kishore India
_c1922
300 _a140p.
_ccm.
650 _aPERSIAN POETRY
942 _hO164,1EUA,1, F2
_cTEXL
_2CC
999 _c413069
_d413069